| 000 | 00786nas a2200265 4500 | ||
|---|---|---|---|
| 001 | BR7800650 | ||
| 003 | BR-BrBNA | ||
| 005 | 20231205083317.0 | ||
| 007 | ta | ||
| 008 | 230509b bl.|||p| |||| 00| 00por d | ||
| 040 |
_aBR-BrBNA _bpor _cBiblioteca Nacional de Agricultura |
||
| 041 | _a(Pt) | ||
| 072 | _aH20 | ||
| 100 | 1 | _aPonte, J.J. da | |
| 100 | 1 | _aVasconcelos, I. | |
| 100 | 1 | _aFreire, F.C.O. | |
| 100 | 1 | _aChagas, J.M.F. | |
| 245 | 1 | _aNovas incidencias de Crinula caliciiformis Fr., no Nordeste do Brasil [fungo, fruta citrica] | |
| 650 | _aFRUTA CITRICA | ||
| 650 | _aFUNGO | ||
| 650 | _aREGIAO NORDESTE | ||
| 773 | 0 |
_tFitossanidade (Brazil) _xISSN 0100-4204 _g(Apr 1977), v. 2(1) p. 10 _wBR7800650 |
|
| 909 |
_a202311 _bLúcia _c55 _dLúcia Elande |
||
| 942 |
_2AGRIS _n0 _cANA |
||
| 999 |
_c97901 _d97901 |
||